00683nam a2200205 i 450000100060000000300090000600500170001500700030003200800410003502000180007608000110009410000190010524501160012425000120024026000680025230000300032060000320035065100610038285200340044377686ES-MaACL20230906173336.0t|041103s2001 pr ||||1| spa d a0-8477-0083-6 a972.911 aEstrade, Paul.10aSolidaridad con Cuba libre (1895-1898) b: la impresionante labor del Dr. Betances en París / cPaul Estrade. a1ª ed. aSan Juan de Puerto Rico : bUniversidad de Puerto Rico, c2001. a505 p. : bil. ; c23 cm.14aBetances, Ramón Emeterio. 4aCuba-xHistoria-y1895-1898, Guerra de la Independencia. aES-MaACLjE-10217 bR.134450